Tiempo, realidad social y conocimiento
Libro pionero en el desarrollo de la sociología en América Latina. En la primera parte expone la realidad social desde su comprensión occidental: su origen, el concepto de estructura, economía, sociología y política. Entre otras cosas, se investiga sobre la génesis y el tiempo de la realidad social....
Gespeichert in:
| 1. Verfasser: | |
|---|---|
| Format: | Buch |
| Sprache: | Undetermined |
| Veröffentlicht: |
Buenos Aires, Argentina
Siglo XXI
1973
|
| Ausgabe: | 2 |
| Schlagworte: | |
| Tags: |
Tag hinzufügen
Keine Tags, Fügen Sie den ersten Tag hinzu!
|
MARC
| LEADER | 00000nam a2200000Ia 4500 | ||
|---|---|---|---|
| 008 | 170316s9999 xx 000 0 und d | ||
| 040 | |a cru BVZT | ||
| 090 | |a 100 B-3.1t | ||
| 100 | |a Bagú, Sergio |9 1159 | ||
| 245 | |a Tiempo, realidad social y conocimiento |c / Sergio Bagú | ||
| 250 | |a 2 | ||
| 260 | |a Buenos Aires, Argentina |b Siglo XXI |c 1973 | ||
| 300 | |a 214 páginas | ||
| 520 | |a Libro pionero en el desarrollo de la sociología en América Latina. En la primera parte expone la realidad social desde su comprensión occidental: su origen, el concepto de estructura, economía, sociología y política. Entre otras cosas, se investiga sobre la génesis y el tiempo de la realidad social. En la segunda parte se desarrolla el problema del conocimiento de la realidad social: una teoría del conocimiento, la aptitud gnoseológica y la relación entre observador y participante | ||
| 650 | |a FILOSOFÍA |9 5 | ||
| 999 | |c 15694 |d 15694 | ||
| 942 | |c 15 D |h 100 B-3.1t |2 z | ||
